Migraciones: un juego con cartas marcadas /
Spremljeno u:
| Glavni autor: | |
|---|---|
| Daljnji autori: | , , , , , , , , , , , , |
| Format: | Nepoznato |
| Izdano: |
Quito:
Ediciones Abya-Yala
|
| Teme: | |
| Oznake: |
Dodaj oznaku
Bez oznaka, Budi prvi tko označuje ovaj zapis!
|
MARC
| LEADER | 00000 a2200000 04500 | ||
|---|---|---|---|
| 001 | 34635 | ||
| 003 | |||
| 008 | 991231s d | ||
| 040 | |||
| 020 | |a 9978-22-442-4 | ||
| 022 | |a 9978-22-442-4 | ||
| 090 | |a 1001 H632m | ||
| 100 | |a Hidalgo, Francisco | ||
| 245 | |a Migraciones: un juego con cartas marcadas / |c Francisco Hidalgo | ||
| 260 | |a Quito: |b Ediciones Abya-Yala | ||
| 300 | |a 430 p. | ||
| 650 | |a MIGRACION INTERNACIONAL | ||
| 650 | |a EXPLOTACION DE RECURSOS | ||
| 650 | |a COMERCIO SUR SUR | ||
| 650 | |a REFUGIADOS | ||
| 650 | |a MIGRACION LABORAL | ||
| 650 | |a MEXICO | ||
| 650 | |a ESTADISTICAS DE MIGRACION | ||
| 700 | |a | ||
| 700 | |a Atienza A., Jaime | ||
| 700 | |a Alonso Antonio, José | ||
| 700 | |a Sandoval, Juan Manuel | ||
| 700 | |a Giol, Joaquim | ||
| 700 | |a Gómez, Emilio José | ||
| 700 | |a Herrera, Gioconda | ||
| 700 | |a La Parra, Daniel | ||
| 700 | |a Acosta, Alberto | ||
| 700 | |a López, Susana | ||
| 700 | |a Villamar, David | ||
| 700 | |a Camacho, Gloria | ||
| 700 | |a Falquez, Andrés | ||
| 700 | |a Sánchez, Be | ||
| 999 | |c 4215 |d 4215 | ||



